| 000 | 00913nam a2200253Ia 4500 | ||
|---|---|---|---|
| 003 | GCL | ||
| 008 | 140319s9999 xx 000 0 ara d | ||
| 020 | _a9670409960 | ||
| 040 |
_aGCL / _cGCL |
||
| 082 | 0 | 4 |
_a213 _bهـ ر |
| 100 | 1 | _aهوفمان، مراد ويلفريد | |
| 245 | 1 | 0 |
_aالرحلة الى الاسلام : _bيوميات دبلوماسى المانى1951-2000 / _cهوفمان، مراد ويلفريد |
| 700 | 1 | _aمحمد سعيد دباس | |
| 250 | _aالاولى | ||
| 260 |
_aالرياض : _bمكتبة العبيكان ، _c2005 |
||
| 300 |
_a305 ص ؛ _c24 سم |
||
| 650 | 0 | 4 | _aالاخلاق الاسلامية |
| 650 | 0 | 4 | _aالثقافة الاسلامية |
| 650 | 0 | 4 | _aالشريعة الاسلامية |
| 650 | 0 | 4 | _aالوعظ والارشاد |
| 650 | 0 | 4 | _aالشعائر الاسلامية |
| 650 | 0 | 4 | _aمراد ويلفريد هـوفمان |
| 942 |
_2ddc _cBK |
||
| 999 |
_c7934 _d7934 |
||